Top 10 La Liga Teams mit den Meisten Nationalspielern - Statistiken

Allgemein
  • Dieses Quiz wurde 318 mal gespielt
  • Das Durchschnittsergebnis liegt bei 7 aus 10
Antwortstatistiken
Hint Team Spieler % Korrekt
4. Barcelona 11
100%
1. Real Madrid 15
100%
2. Atletico Madrid 13
96%
5. Sevilla 11
93%
3. Valencia 12
82%
7. Villarreal 8
73%
6. Real Betis Sevilla 8
72%
8. Getafe 7
35%
10. Celta Vigo 4
20%
9. Levante 4
15%
Keine übereinstimmenden Quizze gefunden
Verteilung der Resultate
Anzahl Personen mit jedem Resultat
Perzentil nach korrekt beantworteten Fragen
Ihre Resultats-Entwicklung
Sie haben dieses Quiz noch nicht gespielt